Star Wars Legacy of the Force Books Quiz Stats

 Plays Quiz not verified by Sporcle

Support Sporcle.
Go Orange.
Score 0/9 Timer 05:00
0 Plays Today
Author Title % Correct
Karen TravissBloodlines
94.1%
Aaron AllstonBetrayal
88.2%
Karen TravissSacrifice
86.3%
Troy DenningInferno
84.3%
Troy DenningInvincible
78.4%
Troy DenningTempest
76.5%
Karen TravissRevelation
76.5%
Aaron AllstonFury
76.5%
Aaron AllstonExile
74.5%

You're not logged in!

Compare scores with friends on all Sporcle quizzes.
OR
Log In

From the Vault

History As We Heard It

by Hejman

Let me assert my firm belief, that the only thing we have to Sporcle, is Sporcle itself.
Remove Ads.
Support Sporcle.
Get the best of Sporcle when you Go Orange. This ad-free experience offers more features, more stats, and more fun while also helping to support Sporcle. Thank you for becoming a member.

Show Comments

Extras

Top Quizzes Today


Score Distribution

Your Account Isn't Verified!

In order to create a playlist on Sporcle, you need to verify the email address you used during registration. Go to your Sporcle Settings to finish the process.

Report this User

Report this user for behavior that violates our Community Guidelines.

Details: